Counties, Towns and Features of Grand Theft Auto V (GTA 5) - with an SVG Map - Statistics

General Stats
  • This quiz has been taken 6,442 times
    6,429 since last reset
  • The average score is 5 of 10
Answers on the Map
Answers color-coded by a green-red scale on the quiz's map according to % correct below.
 
Answer Stats
Type of Feature Name of Place % Correct
Airport Los Santos International Airport
79%
Town Sandy Shores
73%
Military Airport Fort Zancudo
70%
Town Paleto Bay
69%
Body of Water Alamo Sea
59%
County Blaine County
47%
Town Grapeseed
47%
Town Chumash
35%
County Los Santos County
23%
City County City of Los Santos
18%
No matching quizzes found
Score Distribution
Percent of People with Each Score
Percentile by Number Answered
Your Score History
You have not taken this quiz since the last reset